Famous Indians - Statistics

General Stats
  • This quiz has been taken 1,038 times
    672 since last reset
  • The average score is 12 of 20
Answer Stats
Clue Person % Correct
Nationalist known for nonviolent resistance and the Quit India movement Mahatma Gandhi
98%
Current Prime Minister of India Narendra Modi
89%
First Prime Minister of India Jawaharlal Nehru
85%
Current Vice President of the United States, the first woman to hold that position Kamala Harris
79%
Actor who starred in "Kabhi Khushi Kabhie Gham" and is known as the "King of Bollywood" Shah Rukh Khan
73%
Indian Prime Minister from 2004 to 2014, the first Sikh to hold the office Manmohan Singh
72%
Bollywood actress and "Quantico" star married to Nick Jonas Priyanka Chopra
70%
Religious leader known for ideas on suffering, reincarnation, and nirvana Buddha
65%
Nobel Prize Winning Poet who wrote the Indian national anthem Rabindranath Tagore
61%
Frontman and songwriter for the band Queen Freddie Mercury
53%
Cricket Hall of Fame Inductee, part of the victorious 2011 World Cup squad Sachin Tendulkar
53%
Iconic Bollywood actor whose film career spans from the 70s to present Amitabh Bachchan
52%
Emperor who, after a bloody war, renounced violence and spread the above's religion Ashoka
51%
British actor who played the above and also starred in "Schindler's List" and "Iron Man 3" Ben Kingsley
46%
Economist who wrote India's constitution and campaigned against classism B.R. Ambedkar
44%
Playback singer who sang in 36 languages, including Hindi, Marathi, and Bengali Lata Mangeshkar
43%
Author who wrote Midnight's Children and The Satanic Verses Salman Rushdie
42%
British actor most famous for starring in "Slumdog Millionaire" Dev Patel
41%
Sitarist who collaborated with George Harrison and popularized Indian music in the West Ravi Shankar
35%
Acclaimed filmmaker and director most famous for The Apu Trilogy Satyajit Ray
20%
No matching quizzes found
Score Distribution
Percent of People with Each Score
Percentile by Number Answered
Your Score History
You have not taken this quiz since the last reset